[Event "Blitz 2018"]
[Site "Saint-Petersburg"]
[Date "2018.12.30"]
[Round "16"]
[Board "68"]
[White "Postny Evgeny (ISR)"]
[Black "Petrov Nikita (RUS)"]
[Result "0-1"]
[LiveChessVersion "1.4.8"]
[BlackElo "2468"]
[WhiteElo "2657"]

1. d4 {[%clk 0:03:03]} Nf6 {[%clk 0:03:03]} 2. c4 {[%clk 0:03:03]} c6
{[%clk 0:03:04]} 3. Nc3 {[%clk 0:03:03]} d5 {[%clk 0:03:05]} 4. Nf3
{[%clk 0:03:04]} dxc4 {[%clk 0:03:06]} 5. a4 {[%clk 0:03:04]} Bf5
{[%clk 0:03:06]} 6. Ne5 {[%clk 0:03:02]} Nbd7 {[%clk 0:03:07]} 7. Nxc4
{[%clk 0:03:03]} Nb6 {[%clk 0:03:08]} 8. Ne5 {[%clk 0:03:02]} a5 {[%clk 0:03:09]}
9. f3 {[%clk 0:03:01]} Nfd7 {[%clk 0:03:10]} 10. Nxd7 {[%clk 0:03:00]} Nxd7
{[%clk 0:03:10]} 11. e4 {[%clk 0:03:01]} Bg6 {[%clk 0:03:11]} 12. Be2
{[%clk 0:03:01]} Qb6 {[%clk 0:03:03]} 13. f4 {[%clk 0:02:55]} e5 {[%clk 0:03:01]}
14. dxe5 {[%clk 0:02:54]} Rd8 {[%clk 0:02:46]} 15. Qc2 {[%clk 0:02:49]} Bc5
{[%clk 0:02:02]} 16. f5 {[%clk 0:02:31]} Nxe5 {[%clk 0:01:42]} 17. Bf4
{[%clk 0:02:00]} Bf2+ {[%clk 0:01:07]} 18. Kf1 {[%clk 0:02:00]} Bd4
{[%clk 0:00:44]} 19. fxg6 {[%clk 0:01:44]} fxg6 {[%clk 0:00:46]} 20. g3
{[%clk 0:01:29]} O-O {[%clk 0:00:43]} 21. Kg2 {[%clk 0:01:26]} g5
{[%clk 0:00:44]} 22. Bxe5 {[%clk 0:01:27]} Rf2+ {[%clk 0:00:45]} 23. Kh3
{[%clk 0:01:28]} Bxe5 {[%clk 0:00:45]} 24. Rad1 {[%clk 0:01:20]} Rdf8
{[%clk 0:00:21]} 25. Rhf1 {[%clk 0:00:58]} h5 {[%clk 0:00:22]} 26. Rxf2
{[%clk 0:00:44]} Rxf2 {[%clk 0:00:23]} 27. Qd3 {[%clk 0:00:22]} g4+
{[%clk 0:00:25]} 28. Kh4 {[%clk 0:00:24]} Rxh2+ {[%clk 0:00:10]} 29. Kg5
{[%clk 0:00:25]} Kh7 {[%clk 0:00:10]} 30. Rf1 {[%clk 0:00:09]} Qc7
{[%clk 0:00:11]} 31. Qc4 {[%clk 0:00:04]} Qe7+ {[%clk 0:00:10]} 0-1

[Event "Blitz 2018"]
[Site "Saint-Petersburg"]
[Date "2018.12.30"]
[Round "16"]
[Board "69"]
[White "Lobanov Sergei (RUS)"]
[Black "Gareyev Timur (USA)"]
[Result "0-1"]
[LiveChessVersion "1.4.8"]
[BlackElo "2577"]
[WhiteElo "2434"]

1. e4 {[%clk 0:03:03]} g6 {[%clk 0:03:01]} 2. d4 {[%clk 0:03:05]} Nf6
{[%clk 0:03:02]} 3. Nc3 {[%clk 0:03:05]} d5 {[%clk 0:03:03]} 4. e5
{[%clk 0:03:05]} Ne4 {[%clk 0:03:04]} 5. Bd3 {[%clk 0:02:24]} Nxc3
{[%clk 0:03:03]} 6. bxc3 {[%clk 0:02:25]} c5 {[%clk 0:03:04]} 7. h4
{[%clk 0:02:21]} c4 {[%clk 0:02:57]} 8. Be2 {[%clk 0:02:21]} Qa5 {[%clk 0:02:53]}
9. Bd2 {[%clk 0:02:19]} h5 {[%clk 0:02:43]} 10. Nh3 {[%clk 0:01:38]} Bf5
{[%clk 0:02:34]} 11. Nf4 {[%clk 0:01:28]} e6 {[%clk 0:02:31]} 12. f3
{[%clk 0:01:22]} Qa4 {[%clk 0:02:29]} 13. Kf2 {[%clk 0:01:09]} Bxc2
{[%clk 0:02:26]} 14. Qe1 {[%clk 0:01:10]} Nc6 {[%clk 0:02:22]} 15. g4
{[%clk 0:00:59]} Ba3 {[%clk 0:02:19]} 16. Bc1 {[%clk 0:00:57]} hxg4
{[%clk 0:02:12]} 17. fxg4 {[%clk 0:00:54]} Be7 {[%clk 0:02:13]} 18. Kg3
{[%clk 0:00:31]} Be4 {[%clk 0:02:08]} 19. Rh2 {[%clk 0:00:31]} O-O-O
{[%clk 0:01:51]} 20. Qf2 {[%clk 0:00:31]} Qc2 {[%clk 0:01:40]} 21. Qe3
{[%clk 0:00:30]} g5 {[%clk 0:01:32]} 22. Nh5 {[%clk 0:00:19]} gxh4+
{[%clk 0:01:30]} 23. Kh3 {[%clk 0:00:20]} Qa4 {[%clk 0:00:44]} 24. Bf3
{[%clk 0:00:18]} Bg6 {[%clk 0:00:40]} 25. Nf6 {[%clk 0:00:19]} Bxf6
{[%clk 0:00:37]} 26. exf6 {[%clk 0:00:20]} Rhe8 {[%clk 0:00:35]} 27. Qf2
{[%clk 0:00:10]} e5 {[%clk 0:00:35]} 28. dxe5 {[%clk 0:00:10]} Nxe5
{[%clk 0:00:34]} 29. Bf4 {[%clk 0:00:11]} Nd3 {[%clk 0:00:35]} 30. Qd4
{[%clk 0:00:11]} Re4 {[%clk 0:00:34]} 31. Bxe4 {[%clk 0:00:12]} Nxf4+
{[%clk 0:00:35]} 32. Kxh4 {[%clk 0:00:12]} Bxe4 {[%clk 0:00:26]} 33. Qc5+
{[%clk 0:00:12]} Qc6 {[%clk 0:00:25]} 34. Qxc6+ {[%clk 0:00:12]} bxc6
{[%clk 0:00:26]} 35. Kg3 {[%clk 0:00:08]} Ne6 {[%clk 0:00:27]} 36. Rb2
{[%clk 0:00:07]} Rg8 {[%clk 0:00:27]} 37. Rf1 {[%clk 0:00:06]} Kc7
{[%clk 0:00:27]} 38. Rff2 {[%clk 0:00:05]} c5 {[%clk 0:00:27]} 39. Rb5
{[%clk 0:00:06]} a6 {[%clk 0:00:26]} 40. Ra5 {[%clk 0:00:06]} Kb6
{[%clk 0:00:23]} 41. Ra4 {[%clk 0:00:07]} Kb5 {[%clk 0:00:24]} 42. Ra3
{[%clk 0:00:08]} a5 {[%clk 0:00:23]} 43. Rb2+ {[%clk 0:00:09]} Ka6 44. Ra4 Bf5
{[%clk 0:00:23]} 0-1

[Event "Blitz 2018"]
[Site "Saint-Petersburg"]
[Date "2018.12.30"]
[Round "16"]
[Board "70"]
[White "Huzman Alexander (ISR)"]
[Black "Steinberg Nitzan (ISR)"]
[Result "1-0"]
[LiveChessVersion "1.4.8"]
[BlackElo "2447"]
[WhiteElo "2543"]

1. d4 Nf6 2. c4 e6 3. Nf3 d5 4. g3 Bb4+ 5. Nbd2 O-O 6. Bg2 b6 7. O-O Bb7 8. b3 a5
9. Bb2 a4 10. bxa4 Bc6 11. Ne5 Bxa4 12. Qc1 Nc6 13. Ndf3 Ne7 14. c5 Ne4 15. Nd3
Ba5 16. h4 Bb5 17. Rd1 Nf5 18. Qf4 Bc3 19. Qc1 Bxb2 20. Qxb2 Bxd3 21. exd3 Nf6
22. Ne5 Ra4 23. Qb5 Qa8 24. cxb6 Nxd4 25. Qc5 cxb6 26. Qxb6 Rb8 27. Qc5 Rc8 28.
Qb6 h5 29. a3 Qa7 30. Qxa7 Rxa7 31. a4 Rca8 32. Rdb1 Ne2+ 33. Kf1 Nc3 34. Rb4
Rxa4 35. Raxa4 Rxa4 36. Rb8+ Kh7 37. Bf3 Ra7 38. Rf8 g6 39. Rxf7+ Rxf7 40. Nxf7
Kg7 41. Ne5 Nb5 42. Bd1 Nd4 43. Ke1 Ne8 44. Kd2 Nd6 45. Ke3 N4f5+ 46. Kf4 Kf6 47.
Ba4 Nd4 48. Nd7+ Ke7 49. Kg5 Kf7 50. Ne5+ Kg7 51. Nxg6 Nf3+ 52. Kxh5 Nf5 53. Nf4
Kf6 54. Kg4 Ne5+ 55. Kh3 Nd4 56. Bd1 Nd7 57. g4 Nb6 58. g5+ Kf5 59. Kg3 Ke5 60.
Bg4 Nd7 61. h5 Nc5 62. h6 1-0

[Event "Blitz 2018"]
[Site "Saint-Petersburg"]
[Date "2018.12.30"]
[Round "16"]
[Board "71"]
[White "Goganov Aleksey (RUS)"]
[Black "Apryshko Gleb (RUS)"]
[Result "1-0"]
[LiveChessVersion "1.4.8"]
[BlackElo "2416"]
[WhiteElo "2539"]

1. Nf3 {[%clk 0:03:02]} d5 {[%clk 0:02:55]} 2. e3 {[%clk 0:03:02]} a6
{[%clk 0:02:41]} 3. b3 {[%clk 0:02:58]} Nf6 {[%clk 0:02:33]} 4. c4
{[%clk 0:02:56]} c6 {[%clk 0:02:28]} 5. Bb2 {[%clk 0:02:49]} Nbd7
{[%clk 0:02:27]} 6. Be2 {[%clk 0:02:45]} e6 {[%clk 0:02:27]} 7. O-O
{[%clk 0:02:45]} Bd6 {[%clk 0:02:18]} 8. d4 {[%clk 0:02:44]} Ne4 {[%clk 0:02:12]}
9. Ne5 {[%clk 0:02:20]} Qg5 {[%clk 0:01:43]} 10. f4 {[%clk 0:02:03]} Qe7
{[%clk 0:01:37]} 11. Nd2 {[%clk 0:01:58]} Ndf6 {[%clk 0:01:31]} 12. c5
{[%clk 0:01:48]} Bc7 {[%clk 0:01:31]} 13. b4 {[%clk 0:01:44]} Nxd2
{[%clk 0:01:30]} 14. Qxd2 {[%clk 0:01:45]} Ne4 {[%clk 0:01:31]} 15. Qc2
{[%clk 0:01:46]} f6 {[%clk 0:01:20]} 16. Nf3 {[%clk 0:01:46]} O-O
{[%clk 0:00:59]} 17. a4 {[%clk 0:01:42]} Bd7 {[%clk 0:01:00]} 18. Bd3
{[%clk 0:01:43]} Be8 {[%clk 0:00:53]} 19. Nd2 {[%clk 0:01:21]} Nxd2
{[%clk 0:00:47]} 20. Qxd2 {[%clk 0:01:22]} Bg6 {[%clk 0:00:48]} 21. Bxg6
{[%clk 0:01:20]} hxg6 {[%clk 0:00:49]} 22. Qd3 {[%clk 0:01:21]} f5
{[%clk 0:00:46]} 23. b5 {[%clk 0:01:22]} Ba5 {[%clk 0:00:17]} 24. b6
{[%clk 0:01:14]} Kf7 {[%clk 0:00:18]} 25. Rf3 {[%clk 0:01:14]} Rh8
{[%clk 0:00:19]} 26. Rg3 {[%clk 0:01:01]} Qh4 {[%clk 0:00:15]} 27. Rh3
{[%clk 0:01:00]} Qg4 {[%clk 0:00:15]} 28. Rg3 {[%clk 0:00:54]} Qh4
{[%clk 0:00:16]} 29. Rh3 {[%clk 0:00:55]} Qg4 {[%clk 0:00:18]} 30. Rxh8
{[%clk 0:00:56]} Rxh8 {[%clk 0:00:19]} 31. Rf1 {[%clk 0:00:53]} Qh4
{[%clk 0:00:11]} 32. h3 {[%clk 0:00:51]} g5 {[%clk 0:00:11]} 33. fxg5
{[%clk 0:00:49]} Qxg5 {[%clk 0:00:12]} 34. Kh1 {[%clk 0:00:41]} Qg3
{[%clk 0:00:09]} 35. Qe2 {[%clk 0:00:40]} Ke7 {[%clk 0:00:07]} 36. Rf3
{[%clk 0:00:32]} Qh4 {[%clk 0:00:08]} 37. Rf4 {[%clk 0:00:21]} Qg3
{[%clk 0:00:05]} 38. Rf3 {[%clk 0:00:21]} Qh4 {[%clk 0:00:06]} 39. Rf4
{[%clk 0:00:22]} Qh5 {[%clk 0:00:06]} 40. Qxh5 {[%clk 0:00:22]} Rxh5
{[%clk 0:00:07]} 41. Rf2 {[%clk 0:00:21]} Rh4 {[%clk 0:00:05]} 42. Kg1
{[%clk 0:00:18]} g5 {[%clk 0:00:04]} 43. Re2 {[%clk 0:00:16]} Bb4
{[%clk 0:00:04]} 44. Kf2 {[%clk 0:00:15]} Ba5 {[%clk 0:00:05]} 45. Kf3
{[%clk 0:00:13]} e5 {[%clk 0:00:05]} 46. Kf2 {[%clk 0:00:11]} e4 {[%clk 0:00:05]}
47. Bc1 {[%clk 0:00:12]} Ke6 {[%clk 0:00:05]} 48. Kg1 {[%clk 0:00:12]} Bb4
{[%clk 0:00:05]} 49. Kh2 {[%clk 0:00:13]} Rh5 {[%clk 0:00:04]} 50. g3
{[%clk 0:00:14]} Bc3 {[%clk 0:00:04]} 51. Kg2 {[%clk 0:00:15]} f4
{[%clk 0:00:05]} 52. exf4 {[%clk 0:00:14]} gxf4 {[%clk 0:00:06]} 53. Bxf4
{[%clk 0:00:14]} Bxd4 {[%clk 0:00:07]} 54. g4 {[%clk 0:00:15]} Rh7
{[%clk 0:00:08]} 55. Kg3 {[%clk 0:00:17]} Bxc5 {[%clk 0:00:09]} 56. h4
{[%clk 0:00:18]} Bxb6 57. h5 {[%clk 0:00:18]} Bd8 {[%clk 0:00:08]} 58. Rh2
{[%clk 0:00:19]} d4 {[%clk 0:00:09]} 59. g5 {[%clk 0:00:20]} Kf5 {[%clk 0:00:06]}
60. g6 {[%clk 0:00:21]} Rg7 {[%clk 0:00:07]} 61. Rf2 {[%clk 0:00:18]} Rg8
{[%clk 0:00:04]} 62. Bh6+ {[%clk 0:00:18]} Ke5 {[%clk 0:00:04]} 63. Kg4
{[%clk 0:00:19]} e3 {[%clk 0:00:06]} 64. Rf7 {[%clk 0:00:14]} d3 {[%clk 0:00:04]}
65. Bxe3 {[%clk 0:00:15]} Ba5 {[%clk 0:00:05]} 66. Rd7 {[%clk 0:00:11]} Ke4
{[%clk 0:00:06]} 67. Bg5 {[%clk 0:00:11]} c5 {[%clk 0:00:03]} 68. g7
{[%clk 0:00:11]} c4 {[%clk 0:00:03]} 69. h6 {[%clk 0:00:12]} c3 {[%clk 0:00:03]}
70. h7 {[%clk 0:00:09]} Rxg7 {[%clk 0:00:03]} 71. Rxg7 {[%clk 0:00:09]} d2
{[%clk 0:00:04]} 72. Re7+ {[%clk 0:00:09]} Kd3 {[%clk 0:00:05]} 73. Rd7+
{[%clk 0:00:10]} Ke2 {[%clk 0:00:06]} 74. h8=Q {[%clk 0:00:11]} 1-0

[Event "Blitz 2018"]
[Site "Saint-Petersburg"]
[Date "2018.12.30"]
[Round "16"]
[Board "72"]
[White "Vishnu Prasanna. V (IND)"]
[Black "Dubrovin Robert (EST)"]
[Result "1-0"]
[LiveChessVersion "1.4.8"]
[BlackElo "2176"]
[WhiteElo "2519"]

1. Nf3 {[%clk 0:03:02]} Nf6 {[%clk 0:03:04]} 2. g3 {[%clk 0:03:03]} g6
{[%clk 0:03:05]} 3. b4 {[%clk 0:03:04]} Bg7 {[%clk 0:03:06]} 4. Bb2
{[%clk 0:03:05]} O-O {[%clk 0:03:07]} 5. Bg2 {[%clk 0:03:06]} d6 {[%clk 0:03:08]}
6. O-O {[%clk 0:03:05]} e5 {[%clk 0:03:10]} 7. d3 {[%clk 0:03:05]} Nc6
{[%clk 0:02:57]} 8. a3 {[%clk 0:03:02]} h6 {[%clk 0:02:51]} 9. e4
{[%clk 0:03:02]} Bg4 {[%clk 0:02:49]} 10. Nbd2 {[%clk 0:03:03]} Qd7
{[%clk 0:02:45]} 11. Re1 {[%clk 0:02:52]} a6 {[%clk 0:02:43]} 12. Nc4
{[%clk 0:02:42]} Rfe8 {[%clk 0:02:36]} 13. Ne3 {[%clk 0:02:38]} Bh3
{[%clk 0:02:31]} 14. Bh1 {[%clk 0:02:39]} Rad8 {[%clk 0:02:29]} 15. c4
{[%clk 0:02:37]} Nh5 {[%clk 0:02:16]} 16. Nh4 {[%clk 0:02:36]} Kh7
{[%clk 0:02:02]} 17. Nd5 {[%clk 0:02:28]} Nd4 {[%clk 0:01:58]} 18. Bxd4 exd4 19.
Bf3 {[%clk 0:01:49]} Nf6 {[%clk 0:01:46]} 20. Ng2 {[%clk 0:01:49]} Nxd5
{[%clk 0:01:41]} 21. cxd5 {[%clk 0:01:49]} Bxg2 {[%clk 0:01:40]} 22. Kxg2
{[%clk 0:01:50]} c6 {[%clk 0:01:29]} 23. dxc6 {[%clk 0:01:49]} bxc6
{[%clk 0:01:27]} 24. Qa4 {[%clk 0:01:48]} Qb7 {[%clk 0:01:03]} 25. Rac1
{[%clk 0:01:49]} Rc8 {[%clk 0:01:04]} 26. Rc2 {[%clk 0:01:50]} Qb5
{[%clk 0:01:01]} 27. Qb3 {[%clk 0:01:50]} a5 {[%clk 0:01:01]} 28. Rec1
{[%clk 0:01:18]} Re7 {[%clk 0:00:55]} 29. Rc4 {[%clk 0:01:16]} a4
{[%clk 0:00:50]} 30. Qc2 {[%clk 0:01:16]} Rec7 {[%clk 0:00:51]} 31. Bd1
{[%clk 0:01:14]} h5 {[%clk 0:00:43]} 32. Qxa4 {[%clk 0:01:14]} Qxa4
{[%clk 0:00:44]} 33. Bxa4 {[%clk 0:01:14]} c5 {[%clk 0:00:36]} 34. bxc5
{[%clk 0:01:11]} dxc5 {[%clk 0:00:37]} 35. Bb5 {[%clk 0:01:11]} Bh6
{[%clk 0:00:34]} 36. R1c2 {[%clk 0:01:09]} Ra7 {[%clk 0:00:25]} 37. a4
{[%clk 0:01:10]} Rac7 {[%clk 0:00:20]} 38. Ra2 {[%clk 0:01:03]} Rb8
{[%clk 0:00:20]} 39. Rcc2 {[%clk 0:01:02]} Bf8 {[%clk 0:00:18]} 40. Bc4
{[%clk 0:01:02]} Rb4 {[%clk 0:00:15]} 41. a5 {[%clk 0:01:02]} Bd6
{[%clk 0:00:15]} 42. a6 Ra7 43. f4 {[%clk 0:01:02]} f6 {[%clk 0:00:17]} 44. Re2
{[%clk 0:01:01]} Kg7 {[%clk 0:00:13]} 45. e5 {[%clk 0:01:02]} fxe5
{[%clk 0:00:14]} 46. fxe5 {[%clk 0:01:02]} Be7 {[%clk 0:00:14]} 47. Rf2
{[%clk 0:01:02]} Bg5 {[%clk 0:00:13]} 48. Rf3 {[%clk 0:00:57]} Be3
{[%clk 0:00:13]} 49. e6 {[%clk 0:00:57]} Rb8 {[%clk 0:00:13]} 50. Rf7+
{[%clk 0:00:56]} Rxf7 {[%clk 0:00:12]} 51. exf7 {[%clk 0:00:57]} 1-0

[Event "Blitz 2018"]
[Site "Saint-Petersburg"]
[Date "2018.12.30"]
[Round "16"]
[Board "73"]
[White "Bocharov Dmitry (RUS)"]
[Black "Drygalov Sergey (RUS)"]
[Result "1-0"]
[LiveChessVersion "1.4.8"]
[BlackElo "2428"]
[WhiteElo "2517"]

1. Nf3 {[%clk 0:03:02]} Nf6 {[%clk 0:03:03]} 2. g3 {[%clk 0:03:02]} d5
{[%clk 0:03:04]} 3. Bg2 {[%clk 0:03:02]} g6 {[%clk 0:03:05]} 4. b3
{[%clk 0:03:02]} Bg7 {[%clk 0:03:05]} 5. Bb2 {[%clk 0:03:02]} O-O
{[%clk 0:03:05]} 6. O-O {[%clk 0:02:54]} c5 {[%clk 0:03:04]} 7. c4
{[%clk 0:02:54]} d4 {[%clk 0:02:56]} 8. b4 {[%clk 0:02:55]} Nc6 {[%clk 0:02:48]}
9. bxc5 {[%clk 0:02:55]} Nd7 {[%clk 0:02:26]} 10. d3 {[%clk 0:02:55]} Nxc5
{[%clk 0:02:24]} 11. Nbd2 {[%clk 0:02:53]} Re8 {[%clk 0:01:57]} 12. Ba3
{[%clk 0:02:39]} Qa5 {[%clk 0:01:48]} 13. Bxc5 {[%clk 0:02:39]} Qxc5
{[%clk 0:01:49]} 14. Qb3 {[%clk 0:02:39]} Rb8 {[%clk 0:01:40]} 15. Rab1
{[%clk 0:02:40]} Bd7 {[%clk 0:01:16]} 16. Ne4 {[%clk 0:02:16]} Qa5
{[%clk 0:01:09]} 17. Qb5 {[%clk 0:02:16]} Qc7 {[%clk 0:01:09]} 18. Nc5
{[%clk 0:02:14]} Ne5 {[%clk 0:00:41]} 19. Nxd7 {[%clk 0:02:02]} Nxd7
{[%clk 0:00:42]} 20. Nd2 {[%clk 0:01:47]} a6 {[%clk 0:00:44]} 21. Qb4
{[%clk 0:01:40]} Bf8 {[%clk 0:00:20]} 22. Ne4 {[%clk 0:01:32]} e5
{[%clk 0:00:15]} 23. Qa4 {[%clk 0:01:32]} f5 {[%clk 0:00:11]} 24. Qxd7
{[%clk 0:01:32]} 1-0

[Event "Blitz 2018"]
[Site "Saint-Petersburg"]
[Date "2018.12.30"]
[Round "16"]
[Board "74"]
[White "Belyakov Bogdan (RUS)"]
[Black "Tregubov Pavel V. (RUS)"]
[Result "1/2-1/2"]
[LiveChessVersion "1.4.8"]
[BlackElo "2516"]
[WhiteElo "2448"]

1. e4 {[%clk 0:03:03]} c5 {[%clk 0:03:04]} 2. c3 {[%clk 0:03:04]} d5
{[%clk 0:03:03]} 3. exd5 {[%clk 0:03:05]} Qxd5 {[%clk 0:03:04]} 4. d4
{[%clk 0:03:06]} g6 {[%clk 0:03:05]} 5. Nf3 {[%clk 0:03:06]} Bg7 {[%clk 0:03:07]}
6. Be2 {[%clk 0:03:06]} Nh6 {[%clk 0:02:58]} 7. O-O {[%clk 0:03:05]} O-O
{[%clk 0:02:59]} 8. c4 {[%clk 0:03:04]} Qd6 {[%clk 0:03:00]} 9. dxc5
{[%clk 0:03:02]} Qxc5 {[%clk 0:02:59]} 10. Nc3 {[%clk 0:03:01]} Nf5
{[%clk 0:02:49]} 11. a3 {[%clk 0:02:45]} Nc6 {[%clk 0:02:42]} 12. b4
{[%clk 0:02:44]} Qd6 {[%clk 0:02:23]} 13. Qxd6 {[%clk 0:02:44]} Nxd6
{[%clk 0:02:24]} 14. Bb2 {[%clk 0:02:45]} Bf5 {[%clk 0:02:17]} 15. Na4
{[%clk 0:02:38]} Bxb2 {[%clk 0:02:03]} 16. Nxb2 {[%clk 0:02:39]} b6
{[%clk 0:02:03]} 17. Rac1 {[%clk 0:02:36]} a5 {[%clk 0:01:59]} 18. c5
{[%clk 0:02:35]} bxc5 {[%clk 0:01:59]} 19. bxc5 {[%clk 0:02:14]} Ne4
{[%clk 0:01:52]} 20. Na4 {[%clk 0:02:12]} Rad8 {[%clk 0:01:49]} 21. Bb5
{[%clk 0:02:05]} Nd4 {[%clk 0:01:29]} 22. Nxd4 {[%clk 0:02:02]} Rxd4
{[%clk 0:01:32]} 23. f3 {[%clk 0:01:53]} Nd2 {[%clk 0:01:27]} 24. Rfe1
{[%clk 0:01:52]} Rb8 {[%clk 0:01:23]} 25. Nb6 {[%clk 0:01:45]} Nb3
{[%clk 0:01:19]} 26. Rc3 {[%clk 0:01:39]} Nxc5 {[%clk 0:01:19]} 27. Rxc5
{[%clk 0:01:40]} Rxb6 {[%clk 0:01:20]} 28. Rxe7 {[%clk 0:01:37]} Rd2
{[%clk 0:01:06]} 29. h4 {[%clk 0:01:30]} Be6 {[%clk 0:00:57]} 30. a4
{[%clk 0:01:14]} Rbd6 {[%clk 0:00:55]} 31. h5 {[%clk 0:01:09]} Kg7
{[%clk 0:00:55]} 32. hxg6 {[%clk 0:01:02]} hxg6 {[%clk 0:00:56]} 33. Rec7
{[%clk 0:01:01]} Ra2 {[%clk 0:00:46]} 34. Rc2 {[%clk 0:00:43]} Rd1+
{[%clk 0:00:39]} 35. Kh2 {[%clk 0:00:42]} Raa1 {[%clk 0:00:38]} 36. Kg3
{[%clk 0:00:40]} Rd5 {[%clk 0:00:36]} 37. R2c5 {[%clk 0:00:40]} Rd2
{[%clk 0:00:35]} 38. Rc2 {[%clk 0:00:41]} Rd5 {[%clk 0:00:24]} 39. R7c5
{[%clk 0:00:39]} Rd4 {[%clk 0:00:23]} 40. Bc6 {[%clk 0:00:37]} Bb3
{[%clk 0:00:21]} 41. Rb2 {[%clk 0:00:38]} Rc4 {[%clk 0:00:13]} 42. Rxa5
{[%clk 0:00:36]} Rxc6 {[%clk 0:00:13]} 43. Rxb3 {[%clk 0:00:38]} Ra2
{[%clk 0:00:14]} 44. Rg5 {[%clk 0:00:26]} Kh6 {[%clk 0:00:11]} 45. Rg4
{[%clk 0:00:27]} Rcc2 {[%clk 0:00:11]} 46. Kh2 {[%clk 0:00:27]} f5
{[%clk 0:00:12]} 47. Rg3 {[%clk 0:00:27]} Rxa4 {[%clk 0:00:13]} 48. Rb6
{[%clk 0:00:27]} Rh4+ {[%clk 0:00:12]} 49. Kg1 {[%clk 0:00:21]} Rc1+
{[%clk 0:00:12]} 50. Kf2 {[%clk 0:00:22]} Rc2+ {[%clk 0:00:13]} 51. Kg1
{[%clk 0:00:20]} Rc1+ {[%clk 0:00:14]} 52. Kf2 {[%clk 0:00:21]} Rc2+
{[%clk 0:00:11]} 53. Kg1 {[%clk 0:00:18]} Rc1+ {[%clk 0:00:11]} 1/2-1/2

[Event "Blitz 2018"]
[Site "Saint-Petersburg"]
[Date "2018.12.30"]
[Round "16"]
[Board "75"]
[White "Zubritskiy Artyom (RUS)"]
[Black "Kobo Ori (ISR)"]
[Result "1-0"]
[LiveChessVersion "1.4.8"]
[BlackElo "2401"]
[WhiteElo "2513"]

1. c4 {[%clk 0:03:03]} b6 {[%clk 0:03:03]} 2. Nc3 {[%clk 0:03:04]} Bb7
{[%clk 0:03:04]} 3. e4 {[%clk 0:03:06]} Nf6 {[%clk 0:03:05]} 4. d3
{[%clk 0:03:00]} d6 {[%clk 0:03:04]} 5. g3 {[%clk 0:02:58]} c5 {[%clk 0:03:02]}
6. Bg2 {[%clk 0:02:59]} Nc6 {[%clk 0:03:03]} 7. Nge2 {[%clk 0:02:56]} g6
{[%clk 0:03:02]} 8. O-O {[%clk 0:02:54]} Bg7 {[%clk 0:03:04]} 9. f4
{[%clk 0:02:50]} Nd7 {[%clk 0:03:00]} 10. Be3 {[%clk 0:02:38]} O-O
{[%clk 0:02:59]} 11. Qd2 {[%clk 0:02:39]} a6 {[%clk 0:02:48]} 12. f5
{[%clk 0:02:34]} Nde5 {[%clk 0:02:44]} 13. h3 {[%clk 0:02:09]} Rb8
{[%clk 0:02:45]} 14. Rf4 {[%clk 0:02:00]} Nb4 {[%clk 0:02:31]} 15. Nc1
{[%clk 0:01:41]} Nbxd3 {[%clk 0:02:28]} 16. Nxd3 {[%clk 0:01:19]} Nxc4
{[%clk 0:02:29]} 17. Qe2 {[%clk 0:00:57]} Nxe3 {[%clk 0:02:29]} 18. f6
{[%clk 0:00:58]} exf6 {[%clk 0:01:36]} 19. Qxe3 {[%clk 0:00:59]} f5
{[%clk 0:01:37]} 20. exf5 {[%clk 0:00:41]} Re8 {[%clk 0:01:07]} 21. Qf2
{[%clk 0:00:28]} g5 {[%clk 0:00:53]} 22. f6 {[%clk 0:00:30]} gxf4 23. fxg7 fxg3
{[%clk 0:00:48]} 24. Qxg3 {[%clk 0:00:32]} Bxg2 {[%clk 0:00:47]} 25. Qxg2
{[%clk 0:00:25]} Qf6 {[%clk 0:00:48]} 26. Nd5 {[%clk 0:00:16]} Qd4+
{[%clk 0:00:49]} 27. Kh1 {[%clk 0:00:16]} Re6 {[%clk 0:00:44]} 28. N3f4
{[%clk 0:00:16]} Rbe8 {[%clk 0:00:38]} 29. Nxe6 {[%clk 0:00:06]} fxe6 30. Nc3
Qxg7 {[%clk 0:00:16]} 31. Ne4 {[%clk 0:00:06]} Qxg2+ 32. Kxg2 Rd8
{[%clk 0:00:15]} 33. Ng5 {[%clk 0:00:06]} Re8 {[%clk 0:00:16]} 34. Re1
{[%clk 0:00:06]} e5 {[%clk 0:00:10]} 35. Ne4 {[%clk 0:00:07]} Rd8 36. Rd1 d5
{[%clk 0:00:05]} 37. Rxd5 {[%clk 0:00:08]} Rxd5 {[%clk 0:00:04]} 38. Nf6+
{[%clk 0:00:10]} Kf7 39. Nxd5 b5 40. Nc7 c4 {[%clk 0:00:04]} 41. Nxa6
{[%clk 0:00:14]} Ke6 {[%clk 0:00:05]} 42. Kf3 Kd5 43. Ke3 {[%clk 0:00:15]} h5
{[%clk 0:00:05]} 44. Nb4+ {[%clk 0:00:14]} Kc5 {[%clk 0:00:07]} 45. Nc2
{[%clk 0:00:15]} b4 {[%clk 0:00:08]} 46. Ke4 {[%clk 0:00:14]} b3 {[%clk 0:00:04]}
47. axb3 {[%clk 0:00:14]} cxb3 {[%clk 0:00:05]} 48. Ne3 {[%clk 0:00:10]} Kd5+ 1-0

[Event "Blitz 2018"]
[Site "Saint-Petersburg"]
[Date "2018.12.30"]
[Round "16"]
[Board "76"]
[White "Baron Tal (ISR)"]
[Black "Seliverstov Vladimir (RUS)"]
[Result "1-0"]
[LiveChessVersion "1.4.8"]
[BlackElo "2512"]
[WhiteElo "2421"]

1. d4 {[%clk 0:03:04]} g6 {[%clk 0:03:03]} 2. e4 {[%clk 0:03:05]} Bg7
{[%clk 0:03:04]} 3. Nc3 d6 4. f4 {[%clk 0:03:07]} a6 {[%clk 0:03:07]} 5. Nf3
{[%clk 0:03:09]} b5 {[%clk 0:03:09]} 6. Bd3 {[%clk 0:03:09]} Nd7 {[%clk 0:03:10]}
7. a4 {[%clk 0:03:10]} b4 {[%clk 0:03:11]} 8. Ne2 {[%clk 0:03:11]} c5
{[%clk 0:03:12]} 9. c3 {[%clk 0:03:13]} Bb7 {[%clk 0:03:13]} 10. O-O
{[%clk 0:03:13]} Ngf6 {[%clk 0:03:03]} 11. e5 {[%clk 0:03:15]} Nd5
{[%clk 0:02:59]} 12. Ng5 {[%clk 0:03:13]} e6 {[%clk 0:02:43]} 13. Ne4
{[%clk 0:03:12]} O-O {[%clk 0:02:27]} 14. Nxd6 {[%clk 0:03:13]} Bc6
{[%clk 0:02:31]} 15. Be4 {[%clk 0:02:58]} cxd4 {[%clk 0:02:01]} 16. Nxd4
{[%clk 0:02:54]} Qb6 {[%clk 0:02:01]} 17. a5 {[%clk 0:02:51]} Qc5
{[%clk 0:01:55]} 18. Kh1 {[%clk 0:02:46]} bxc3 {[%clk 0:01:44]} 19. b4
{[%clk 0:02:40]} Nxb4 {[%clk 0:01:39]} 20. Nxc6 {[%clk 0:02:38]} Nxc6
{[%clk 0:01:33]} 21. Nb7 {[%clk 0:02:23]} Qc4 {[%clk 0:00:38]} 22. Ra4
{[%clk 0:02:24]} Qb5 {[%clk 0:00:37]} 23. Nd6 {[%clk 0:02:19]} c2
{[%clk 0:00:34]} 24. Bxc2 {[%clk 0:02:13]} Qd5 {[%clk 0:00:32]} 25. Ba3
{[%clk 0:01:18]} Rfd8 {[%clk 0:00:19]} 26. Be4 {[%clk 0:01:13]} Qxd1
{[%clk 0:00:13]} 27. Rxd1 {[%clk 0:01:14]} Ndb8 {[%clk 0:00:09]} 28. Rc1
{[%clk 0:01:10]} Ra7 {[%clk 0:00:08]} 29. Bxc6 {[%clk 0:01:08]} 1-0